[Event "Moscow-ch final"]
[White "Akhmedov, David"]
[Black "Zurabian, Vage"]
[Site "Moscow"]
[Round "7"]
[Result "1-0"]
[Date "2019.04.05"]
[WhiteElo "1657"]
[BlackElo "1842"]
[PlyCount "63"]
[EventDate "2019.03.30"]
[EventType "swiss"]
[EventRounds "9"]
[EventCountry "RUS"]
[SourceTitle "CBM 189 Extra"]
[Source "ChessBase"]
[SourceDate "2019.05.31"]
[SourceVersion "1"]
[SourceVersionDate "2019.05.31"]
[SourceQuality "1"]

1. e4 d6 2. d4 Nf6 3. Nc3 e5 4. Nge2 Nc6 5. f3 Be7 6. Be3 0-0 7. Qd2 exd4 8. Nxd4 d5 9. 0-0-0 Nxd4 10. Bxd4 dxe4 11. fxe4 Bg4 12. Be2 Bxe2 13. Qxe2 Qc8 14. e5 Ne8 15. Nd5 Bg5+ 16. Be3 Bxe3+ 17. Qxe3 Qe6 18. Qc5 b6 19. Ne7+ Kh8 20. Ng6+ hxg6 21. Qxf8+ Kh7 22. Rd3 Nf6 23. Qxa8 Qxa2 24. exf6 Qa1+ 25. Kd2 Qa5+ 26. c3 Qg5+ 27. Kc2 gxf6 28. Rh3+ Qh6 29. Rxh6+ Kxh6 30. Qh8+ Kg5 31. h4+ Kf5 32. Rf1+ 1-0